00514nam a22001697a 450000500170000000800410001702000180005804000210007604100080009708200170010510000260012224500840014825000120023226000460024430000100029065000440030020260515114952.0230908b ||||| |||| 00| 0 eng d a9789392330000 aIN-DiNCcIN-DiNC dasm a491.451bBAR aBaruah, Dipakeauthor aAsamiya bhasha aru lipir parichaymulak itihas (Major & Minor)/cby Dipak Baruah a1st ed. aDibrugarh:bMahaveer publications,c2023. a271p. aHistory of Assamese language and script